| 000 | 00686pam a2200241 a 4500 | ||
|---|---|---|---|
| 001 | 1459958 | ||
| 005 | 20171220073927.0 | ||
| 008 | 860113s1986 njua b 001 0 eng | ||
| 010 | _a 86001774 | ||
| 020 |
_a0847675092 : _c$35.00 (est.) |
||
| 020 |
_a0847675106 (pbk.) : _c$15.95 (est.) |
||
| 040 |
_aDLC _cDLC _dDLC |
||
| 041 | _aeng | ||
| 043 | _ad------ | ||
| 080 | _a338.9 COR | ||
| 082 | 0 | 0 |
_a338.9 COR _219 |
| 100 | 1 | _a54 | |
| 101 | _aMEN | ||
| 245 | 1 | 0 |
_aCapitalist world development : _cStuart Corbridge. |
| 504 | _aBibliography: p. 262-284. | ||
| 906 |
_a7 _bcbc _corignew _d1 _eocip _f19 _gy-gencatlg |
||
| 942 |
_2ddc _cBK |
||
| 999 |
_c39230 _d39230 |
||